LIBRARY & INFORMATION CENTRE, KCAET, TAVANUR

ONLINE PUBLIC ACCESS CATALOGUE (OPAC)

Code of practice for design and construction of machine foundations part2 ,IS:2974-1980 / (Record no. 4293)

MARC details
000 -LEADER
fixed length control field 00339cam a2200121ua 4500
003 - CONTROL NUMBER IDENTIFIER
control field OSt
008 - FIXED-LENGTH DATA ELEMENTS--GENERAL INFORMATION
fixed length control field 210806b ||||| |||| 00| 0 eng d
082 ## - DEWEY DECIMAL CLASSIFICATION NUMBER
Classification number 624.159
Item number IND/CO
245 ## - TITLE STATEMENT
Title Code of practice for design and construction of machine foundations part2 ,IS:2974-1980 /
260 ## - PUBLICATION, DISTRIBUTION, ETC. (IMPRINT)
Place of publication :
Name of publisher ISI ,
Year of publication 1983.
300 ## - PHYSICAL DESCRIPTION
Number of Pages 15 ; .
942 ## - ADDED ENTRY ELEMENTS (KOHA)
Koha item type Books
Holdings
Withdrawn status Lost status Damaged status Home library Current library Date acquired Full call number Accession Number Koha item type
      KAUAET   07/04/2012 624.159 17230 Books
free website counter